[Event "Pamplona 9596 6th"]
[Site "Pamplona"]
[Date "1996.??.??"]
[Round "?"]
[White "Granda Zuniga, Julio E"]
[Black "Shulman, Yuri"]
[Result "1-0"]
[WhiteElo "2605"]
[BlackElo "2540"]
[Annotator "Ftacnik,L"]
[PlyCount "77"]
[EventDate "1995.12.??"]
[EventType "tourn"]
[EventRounds "9"]
[EventCountry "ESP"]
[EventCategory "13"]
[SourceTitle "CBM 052"]
[Source "ChessBase"]
[SourceDate "1996.06.01"]
[SourceVersion "1"]
[SourceVersionDate "1996.06.01"]
[SourceQuality "1"]

1. d4 Nf6 2. Nf3 g6 3. g3 Bg7 4. Bg2 O-O 5. O-O d5 6. c4 dxc4 7. Na3 c3 8. bxc3
c5 9. e3 Nc6 10. Qe2 Qa5 11. Bb2 Nd5 12. Rfc1 Bg4 13. Nc4 (13. h3 Bxf3 14. Bxf3
Nb6 (14... e6 15. Nc4 Qa6 16. Nd6 Nxd4 (16... Qxe2 17. Bxe2 b6 18. e4 Nf6 19.
Rd1 $14) 17. cxd4 Qxd6 18. Rxc5 Rfc8 19. Rac1 Rxc5 20. Rxc5 b6 21. Rc1 Rd8 22.
Kg2 Ne7 23. Qa6 e5 24. dxe5 Bxe5 25. Rd1 Qxd1 (25... Qc7 26. Rxd8+ Qxd8 27.
Bxe5 $18) 26. Bxd1 Bxb2 27. Bb3 {1-0 Sherbakov,R-Ebeling,M/Helsinki op (05)/
1992/ (44)}) 15. Nc4 (15. Rab1 Rac8 16. Bg2 Rfd8 17. Qb5 Qxb5 18. Nxb5 Na4 19.
Ba1 a6 20. Na3 b5 $17 {Petrosian,A-Belov,I/Russia/1992/}) (15. Qb5 Qxb5 16.
Nxb5 Nc4 17. Rc2 Rac8 18. dxc5 N6e5 19. Be2 Rxc5 $17) 15... Qa6 (15... Qb5 16.
Nxb6 Qxe2 17. Bxe2 axb6 18. a4 Na5 19. Rcb1 Nb3 $5 20. Ra3 Nd2 21. Rd1 Ne4 22.
Rda1 $1 {Titenko,V-Belov,I/Moscow/1993/ (27)}) (15... Nxc4 16. Qxc4 Rac8 17.
Qb3 Rc7 (17... Qc7 18. Ba3 b6 19. Bg2 e6 20. dxc5 bxc5 21. Rab1 $16 {Titenko,
V-Belov,I/Russia/1992/}) 18. a4 b6 19. Bxc6 (19. Be2 Rfc8 20. d5 c4 21. Bxc4
Ne5 22. Be2 Nc4 23. Bxc4 Rxc4 24. Qb5 R4c5 25. Qd7 R5c7 26. Qb5 Bxc3 {1/2-1/2
Bandza,A-Belov,I/Karvina op (04)/1992/ (32)}) 19... Rxc6 20. Qb5 Qxb5 21. axb5
Rc7 22. Kf1 $14) 16. Nd2 (16. Nxb6 axb6 $10) 16... Qxe2 17. Bxe2 cxd4 18. cxd4
e5 $1 19. dxe5 Nxe5 20. Bd4 Rfc8 21. Nb3 $1 {1-0 Salov,V-Khalifman,A/Wijk aan
Zee (m1)/1994/ (61)}) 13... Qa6 (13... Qa4 14. h3) 14. Bf1 Nb6 (14... Rac8 15.
h3 cxd4 16. cxd4 (16. hxg4 $6 dxc3 17. Ba3 b5 $17) 16... Bd7 17. e4 $14) 15.
Ncd2 (15. Nxb6 Qxe2 16. Bxe2 axb6 $10) 15... Qxe2 16. Bxe2 Na4 (16... cxd4 17.
cxd4 Rac8 18. Rab1 $14) 17. Ba3 Nxc3 (17... cxd4 18. cxd4 $14) 18. Rxc3 cxd4
19. Nxd4 (19. Rxc6 bxc6 (19... dxe3 20. Rc7 Bxa1 21. fxe3 $16) 20. exd4 Rfd8
$14) 19... Bxe2 (19... Nxd4 20. Bxg4 Nb5 21. Rb3 Nxa3 22. Rd1 Nc2 23. Rxb7 $16)
(19... Bxd4 20. exd4 Bxe2 21. d5 Nd4 22. Bc5 Nf5 23. Re1 $14) 20. Nxe2 Rfd8 21.
Nb3 (21. Rd1 Bxc3 22. Nxc3 Rd3 23. Nde4 Rxd1+ 24. Nxd1 Rd8 $13) 21... Bxc3 22.
Nxc3 Rac8 23. e4 e6 $6 {This move terribly weakens d6 square, so white will be
able to take the benefit of unexpected outpost.} (23... Nd4 $2 24. Bxe7 $18) (
23... Rd3 24. Nd5 e6 25. Nf4 $14) 24. Nb5 Rd3 25. Nd6 Rb8 (25... Rc7 26. Rc1
$16) 26. Rc1 Na5 (26... Ne5 27. Rc7 $18) 27. Rc7 (27. Nxa5 Rxa3 28. Naxb7 Rxa2
29. Rc7 f6 $14) 27... Nxb3 28. Nxf7 $5 {Soul of a true adventurer, white plays
for an attack and in effect sacrifices an exchange.} (28. axb3 Rxb3 $14) 28...
Nd4 (28... Na5 $2 29. Nh6+ Kh8 30. Bb2+) 29. Nh6+ Kh8 30. Be7 Kg7 $8 (30... Rg8
31. Bf6+) 31. Ng4 (31. Bg5+ Kf8 32. Rf7+ Ke8 33. Re7+ Kf8 34. Rf7+ $10) 31...
Nf3+ 32. Kg2 g5 (32... h5 33. Bd6+ Kh8 34. Nf6 Ng5 35. Be5 $18) (32... Kg8 33.
Bc5 Kh8 34. Nf6 Ng5 35. h4 $18) 33. Bf6+ Kg6 (33... Kf8 34. Rxh7 $18) 34. Rg7+
Kh5 35. h3 (35. Rxh7+ Kg6 36. Rg7+ Kh5 37. Ne5 Nxe5 38. Rxg5+ Kh6 39. Rxe5 $16)
35... Rf8 (35... Rc8 36. Rxh7+ Kg6 37. Rxb7 Rc1 38. Rg7+ Kh5 39. Ne3 $18) 36.
Be7 Rc8 (36... Rh8 37. Rf7 Ne1+ 38. Kf1 Nc2 39. Rg7 $18) 37. Rf7 Ne1+ 38. Kf1
Rd1 39. Rf6 $138 (39. Rf6 Nc2+ 40. Ke2 Re1+ 41. Kd2 $18) 1-0

[Event "Hoogovens"]
[Site "Wijk aan Zee"]
[Date "1998.01.27"]
[Round "10"]
[White "Karpov, Anatoly"]
[Black "Polgar, Judit"]
[Result "1-0"]
[WhiteElo "2735"]
[BlackElo "2670"]
[Annotator "Ftacnik,L"]
[PlyCount "63"]
[EventDate "1998.01.16"]
[EventType "tourn"]
[EventRounds "13"]
[EventCountry "NED"]
[EventCategory "17"]
[SourceTitle "CBM 063"]
[Source "ChessBase"]
[SourceDate "1998.03.26"]
[SourceVersion "1"]
[SourceVersionDate "1998.03.26"]
[SourceQuality "1"]

1. d4 Nf6 2. Nf3 g6 3. c4 Bg7 4. g3 O-O 5. Bg2 d5 6. O-O dxc4 7. Na3 Na6 8.
Nxc4 c5 9. b3 Bf5 10. Bb2 Be4 11. Rc1 Rc8 (11... b6 $5) 12. Qd2 (12. Bh3 e6 (
12... Bf5 13. Bxf5 gxf5 14. dxc5 (14. Qc2 {/\ Rfd1+/-}) 14... Rxc5 15. Qxd8
Rxd8 16. Bd4 Rc7 17. Ne3 Rxc1 18. Rxc1 Bh6 19. Bxa7 Ra8 20. Bd4 Nd5 21. Nxd5
Bxc1 22. Nxe7+ Kf8 23. Nxf5 {1-0 Sandor-Gibbs,P/Hoogovens-B 1964 (40)}) (12...
Rc7 $2 13. Ng5 $1 (13. dxc5 Rxc5 14. Qxd8 Rxd8 15. Ba3 Rc7 16. Nce5 e6 17. Ng5
Bd5 18. Rxc7 Nxc7 19. Rd1 Nb5 20. Nxe6 $13 {1/2-1/2 Adorjan,A-Antic,D/
Kecskemet 1991}) 13... Bf5 (13... Bh6 14. Nxe4 Nxe4 15. e3 $16) (13... Bd5 14.
Ne3 Bh6 15. f4 $1 $16) 14. Bxf5 gxf5 15. dxc5 h6 (15... Rxc5 16. Qxd8 Rxd8 17.
Ba3 Rc7 18. Ne5 $18) 16. Nf3 Qxd1 (16... Nxc5 17. Qxd8 Rxd8 18. Nd4 e6 19. Nb5
$16) (16... Rxc5 17. Qxd8 Rxd8 18. Bd4 Rc7 19. Na5 $1 $16) 17. Rfxd1 Rfc8 18.
Nh4 $1 e6 (18... Rxc5 19. Ba3 $18) 19. Nd6 Rd8 20. Bd4 {1-0 Adorjan,A-Szekely,
P/Magyarorszag (ch) 1992 (40)}) 13. dxc5 Bxf3 (13... Rxc5 14. Qxd8 Rxd8 15.
Rfd1 Rcd5 16. Rxd5 Bxd5 17. Nd4 Nb4 18. a3 Nc6 19. Nxc6 Bxc6 $11) 14. exf3 Rxc5
15. Qxd8 Rxd8 16. Rfd1 Rcd5 17. Ne3 Rxd1+ 18. Rxd1 Rxd1+ 19. Nxd1 {1/2-1/2
Jimenez,J-Graves,J/Seattle Washingt-ch 1995 (35)}) 12... Qd5 (12... b6 13. Rfd1
Rc7 14. Qf4 Qa8 15. dxc5 Rxc5 16. Nce5 Rxc1 17. Qxc1 Nc5 18. b4 Ne6 19. Bh3 Rc8
20. Qe3 Rd8 21. Rxd8+ Nxd8 22. Ng5 Bd5 {1/2-1/2 Sorri,K-Kekki,P/Helsinki 1989 
(40)}) 13. Rfd1 Qh5 $2 {White can never feel safe when black queen looms
around his king. In this special case Karpov manages to literally corner her
and win on the other side.} (13... Rfd8 $5 14. Qa5 (14. Ne3 Qh5 15. Qa5 cxd4 (
15... e6 $2 16. dxc5 $16) 16. Qxh5 Nxh5 $11) 14... cxd4 (14... e6 15. Ne3 Qc6
16. dxc5 $14) 15. Qxd5 Nxd5 16. Bxd4 $11) 14. h3 cxd4 (14... Rfd8 15. Nce5 Qf5
16. g4 Qe6 17. Ng5 Qd5 18. f3 $18) 15. Bxd4 Rfd8 (15... b6 16. Nce5 $14) 16.
Nce5 $1 {The difference in the location of the e5 and a6 knights is striking.}
Rxc1 (16... Bh6 17. Rxc8 $1 Rxc8 18. Qa5 Qf5 19. Bxa7 $16) 17. Qxc1 Bxf3 (17...
Qf5 18. Bxa7 $16) 18. Bxf3 (18. Nxf3 Qa5 19. Bxa7 Rxd1+ 20. Qxd1 Nb4 $14) 18...
Qxh3 (18... Qf5 19. Bxb7 Ne4 20. g4 Qe6 21. Nc6 Bxd4 22. Nxd8 Bxf2+ 23. Kf1 $18
) 19. Bxa7 (19. Bxb7 Nh5 20. Bxa7 Rxd1+ 21. Qxd1 Bxe5 $132) 19... Ra8 $2 {
Polgar had no wish to defend her queenside in an extremely difficult ending,
but the alternative i even worse.} (19... Rxd1+ 20. Qxd1 Qc8 (20... Qe6 21.
Qd8+ Bf8 22. Nd3 $16) 21. Bb6 $14) 20. Bd4 Rc8 (20... Qe6 21. Bxb7 Rb8 22. Bg2
$18) 21. Qa3 Re8 (21... Rc7 22. Bb6 $18) 22. Bxb7 Nc7 23. Bc6 Rf8 (23... Rc8
24. Qxe7 Qe6 25. Qxe6 Nxe6 26. Bb2 Ng4 27. Nxg4 Bxb2 28. Bd7 $18) 24. Qxe7 {
White has two pawns and a nice premium: an attack!} Ne6 (24... Nfd5 25. Qd7 Qe6
26. a3 Rb8 27. Qxf7+ Qxf7 28. Nxf7 Kxf7 29. Bxg7 Kxg7 30. Bxd5 $18) 25. Bc3 Qf5
(25... Ng4 26. Nxg4 Bxc3 27. Nf6+ Bxf6 28. Qxf6 $18) 26. Rd3 h5 (26... Ne4 27.
Rf3 Qg5 28. Rxf7 (28. Qxg5 N6xg5 29. Bxe4 Nxe4 30. Bb2 $18) 28... Qxe7 29. Rxe7
Nxc3 30. Rxe6 Nxe2+ 31. Kg2 Nd4 32. Re7 $18) 27. Rf3 Qc2 28. Nxf7 (28. Nxg6
Qxg6 29. Bxf6 $18) 28... Qd1+ 29. Kg2 Qxe2 (29... Rxf7 30. Qxe6 $18) 30. Re3 (
30. Ne5 Nd8 31. Nxg6 Qxe7 32. Nxe7+ $18) 30... Qc2 (30... Nf4+ 31. gxf4 Qg4+
32. Rg3 Rxf7 33. Bd5 Nxd5 34. Qd8+ $18) 31. Qxe6 Rxf7 32. Bxf6 (32. Bxf6 Bxf6
33. Bd5 $18) 1-0

[Event "Santiago Entel Cup"]
[Site "Santiago de Chile"]
[Date "2004.03.29"]
[Round "11"]
[White "Granda Zuniga, Julio E"]
[Black "Rojas Keim, Luis Alberto"]
[Result "1-0"]
[WhiteElo "2581"]
[BlackElo "2408"]
[Annotator "Ftacnik,L"]
[PlyCount "63"]
[EventDate "2004.03.22"]
[EventType "tourn"]
[EventRounds "11"]
[EventCountry "CHI"]
[EventCategory "9"]
[SourceTitle "CBM 100"]
[Source "ChessBase"]
[SourceDate "2004.06.01"]
[SourceVersion "1"]
[SourceVersionDate "2004.06.01"]
[SourceQuality "1"]

1. Nf3 Nf6 2. c4 g6 3. g3 Bg7 4. Bg2 O-O 5. O-O d5 6. d4 dxc4 7. Na3 c3 8. bxc3
c5 9. Bb2 Nc6 10. e3 Qc7 11. Qe2 e5 12. Nb5 Qe7 {Black has chosen a line with
very bad reputation. Black starts central activity in the moment, when white
is much better developed.} (12... Qb8 13. dxc5 Na5 (13... e4 14. Nfd4 Bg4 15.
Qc2 Qe5 16. Nd6 Qxc5 17. Nxe4 Nxe4 18. Qxe4 Ne5 19. a4 Rfe8 20. Qxb7 Nd3 21.
Qb5 Qxb5 22. axb5 Nxb2 23. b6 {1-0 Adorjan,A-Fogarasi,T/Hungary 1995/ (26)})
14. Nd6 Nd7 15. Ba3 Qc7 16. Nb5 Qc6 17. Ng5 Qa6 18. Rfd1 Nf6 19. c4 Rb8 20. c6
bxc6 21. Bxf8 Bxf8 22. Nd6 {1-0 Kabatianski,A-Schmidt,B/Budapest 1994/ (36)}) (
12... Qa5 13. Nxe5 Be6 14. c4 Nxe5 15. dxe5 Nd7 16. f4 Rab8 17. Nd6 Qa6 18.
Rfc1 Nb6 19. a4 {1-0 Mikhalchishin,A-Schaefer,M/Bern 1996/ (25)}) 13. Ba3 e4 (
13... Nd7 14. Rad1 Rd8 15. d5 Na5 16. d6 $16) 14. Nd2 (14. Bxc5 exf3 15. Qxf3
Qd8 16. Bxf8 Bxf8 17. c4 Bg4 $11) 14... b6 15. dxc5 Bg4 (15... bxc5 16. Qc4 a6
17. Nd4 $16) 16. Qc4 Ne5 17. Qd4 $1 {[%mdl 64] Granda Zuniga is ready for
spectacular tactical complications, the queen will be sacrificed on a central
square.} (17. Qa4 bxc5 18. Nxe4 Nxe4 19. Bxe4 Nf3+ 20. Kg2 Ng5 21. Bxa8 Bh3+
22. Kg1 Rxa8 $11) 17... Rfd8 18. cxb6 Qe6 (18... Rxd4 19. exd4 $1 (19. Bxe7
Rxd2 20. Bxf6 Bxf6 (20... axb6 21. Bxg7 Kxg7 22. Bxe4 Raxa2 23. Rxa2 Rxa2 24.
Nd4 $16) 21. Nc7 Rc8 22. bxa7 Rdd8 $1 (22... Nf3+ 23. Bxf3 Bxf3 24. a8=Q Rxa8
25. Nxa8 Bxc3 26. Rac1 Rxa2 27. Rxc3 Rxa8 28. Rfc1 Kg7 29. h3 $16) 23. a8=Q
Rxa8 24. Nxa8 Rxa8 25. Bxe4 Ra3 $11) 19... Qd7 20. dxe5 axb6 21. exf6 Qxb5 22.
Be7 Bh6 23. Nxe4 $16) 19. Nc7 Qf5 (19... Rxd4 20. cxd4 Qd7 21. dxe5 Qxd2 22.
Nxa8 Nd5 23. b7 Bxe5 24. Rab1 Bb8 25. Bxe4 $18) 20. Nxa8 $1 Rxd4 21. cxd4 Nf3+
{Rojas understands, that his only chance is the desperate counterattack on the
kingside.} (21... Ned7 22. Rab1 axb6 23. Nxb6 Qa5 24. Nxd7 Nxd7 25. Bb4 Qxa2
26. Ra1 $18) 22. Nxf3 exf3 (22... Bxf3 23. b7 Nd7 24. Rfc1 $18) 23. b7 Nd7 24.
Rfc1 Bh6 (24... fxg2 25. Rc8+ Bf8 26. Bxf8 h5 27. Rd8 $18) 25. Bf1 Bxe3 26. Rc3
$1 (26. fxe3 $2 f2+ 27. Kh1 Bf3+ 28. Bg2 Qe4 $1 29. h3 Bxg2+ 30. Kh2 f1=Q 31.
Rxf1 Bxf1 32. Rxf1 Qxb7 $19) 26... Bxd4 (26... Bxf2+ 27. Kxf2 Qd5 28. Rd1 Qxb7
29. Nc7 $18) 27. Rd1 Bxc3 28. Rxd7 {White is prepared to push the b7 pawn to
promotion square at any cost.} Be5 (28... Qxd7 29. b8=Q+ Qc8 30. Qxa7 $18) 29.
Rd8+ Kg7 30. Bf8+ Kf6 31. Rd6+ (31. Bd6 $18) 31... Bxd6 32. Bxd6 (32. Bxd6 Bh3
33. b8=Q Bxf1 34. Qd8+ Kg7 35. Bf8+ Kg8 36. Bh6#) 1-0

[Event "FIDE-Wch k.o."]
[Site "Las Vegas"]
[Date "1999.08.06"]
[Round "3.1"]
[White "Georgiev, Kiril"]
[Black "Svidler, Peter"]
[Result "1-0"]
[WhiteElo "2650"]
[BlackElo "2684"]
[Annotator "Ftacnik,L"]
[PlyCount "93"]
[EventDate "1999.07.31"]
[EventType "k.o."]
[EventRounds "7"]
[EventCountry "USA"]
[SourceTitle "CBM 072"]
[Source "ChessBase"]
[SourceDate "1999.10.01"]
[SourceVersion "1"]
[SourceVersionDate "1999.10.01"]
[SourceQuality "1"]

1. d4 Nf6 2. Nf3 g6 3. g3 d5 4. Bg2 Bg7 5. O-O O-O 6. c4 dxc4 7. Na3 c3 8. bxc3
c5 9. e3 Nc6 10. Qe2 Bf5 11. Rd1 Qa5 12. Bb2 Be4 13. Nd2 Bxg2 14. Nb3 Qb6 (
14... Qc7 15. Kxg2 cxd4 16. cxd4 $14) 15. Kxg2 cxd4 16. cxd4 Na5 (16... Rfc8
17. e4 Nb4 18. Nc5 $14) 17. Nc5 Qc6+ 18. Qf3 b6 $6 {Black was doing great in
the fight for the control of the center, but this move lets the knight to the
active square a6. From there the control of b4 and c7 spots will be rather
vital.} (18... Rfc8 19. Rac1 Qxf3+ 20. Kxf3 Nd5 21. Ba1 Nb4 22. Rb1 Nxa2 23.
Nxb7 $11) 19. Qxc6 Nxc6 20. Na6 Nd5 (20... Ne4 21. Rac1 Rfc8 22. Nb5 $16) 21.
Nb5 Rfc8 (21... Ndb4 22. Nac7 Rac8 23. a3 a6 24. axb4 axb5 25. Nxb5 Nxb4 26.
Ra7 $14) 22. Ba3 $1 Nb8 (22... f5 $5 23. Rac1 Kf7 24. Rd2 Ke8 25. Rdc2 Kd7 $14)
23. Nxb8 Raxb8 24. Rac1 (24. Nxa7 Rc2 25. Kf3 Ra8 26. Nb5 Ra5 27. Rdb1 f5 28.
Rb3 $14) 24... a6 25. Na7 Rxc1 26. Rxc1 {Georgiev enjoys the clear advantage
with active pieces and control of the only open file.} f5 (26... b5 27. Nc6 Rb7
28. e4 b4 29. Rb1 Rc7 30. exd5 bxa3 31. Rb3 $16) 27. Nc6 Rb7 (27... Re8 $1 28.
Nb4 (28. Kf3 Kf7 29. e4 fxe4+ 30. Kxe4 Nf6+ 31. Kd3 Nd5 $13) 28... Nxb4 29.
Bxb4 a5 30. Ba3 b5 31. Bc5 $14) 28. Nd8 Rb8 29. Nc6 Rb7 30. Nd8 Rb8 31. Ne6 Bf6
(31... Kf7 32. Ng5+ (32. Nxg7 Kxg7 33. Kf3 b5 34. e4 fxe4+ 35. Kxe4 Rd8 $14)
32... Kg8 33. Kf3 b5 34. Rc5 Bf6 35. Nxh7 Kxh7 36. Rxd5 b4 37. Bc1 b3 38. axb3
Rxb3 39. Ke2 $16) 32. Kf3 Kf7 (32... b5 33. e4 fxe4+ 34. Kxe4 Nb6 35. Rc6 $14)
33. Rc6 a5 34. e4 $1 fxe4+ 35. Kxe4 Nb4 (35... Nc3+ 36. Rxc3 Kxe6 37. Rc7 b5
38. d5+ Kf7 39. Bxe7 Bxe7 40. d6 Re8 41. Kd5 b4 42. Kc4 $18) 36. Bxb4 axb4 37.
Nc7 $1 {[%mdl 4096] The knight limits the freedom of black rook and prepares
for the attack on the weak black pawns.} Rb7 (37... Rc8 38. d5 Bh8 39. Na6 $16)
38. Nd5 e6 (38... Ra7 39. Nxb4 b5 40. Rc5 Ra5 41. f4 $16) 39. Nxf6 Kxf6 40. d5
Ra7 (40... Re7 41. Rxb6 $18) 41. Rxe6+ Kf7 42. Rxb6 Rxa2 43. Rxb4 Rxf2 44. Rb7+
Kf6 45. Rxh7 Rd2 46. h3 Rd1 47. g4 1-0

[Event "EU-ch 5th"]
[Site "Antalya"]
[Date "2004.05.21"]
[Round "6"]
[White "Nikolic, Predrag"]
[Black "Nedev, Trajce"]
[Result "1-0"]
[WhiteElo "2648"]
[BlackElo "2489"]
[Annotator "Ftacnik,L"]
[PlyCount "67"]
[EventDate "2004.05.15"]
[EventType "swiss"]
[EventRounds "13"]
[EventCountry "TUR"]
[SourceTitle "CBM 101"]
[Source "ChessBase"]
[SourceDate "2004.07.27"]
[SourceVersion "1"]
[SourceVersionDate "2004.07.27"]
[SourceQuality "1"]

1. d4 Nf6 2. Nf3 g6 3. g3 Bg7 4. Bg2 d5 5. O-O O-O 6. c4 dxc4 7. Na3 c3 8. bxc3
c5 9. e3 Nc6 10. Qe2 Nd5 11. Bb2 Nb6 12. Rab1 Bf5 13. e4 Bg4 14. d5 Ne5 15. c4
e6 {Black has no reason to worry unduly about the position, but he is obliged
to find one of the ideas promising rough equality.} (15... Rb8 16. Rfe1 Qe8 17.
Bxe5 Bxe5 18. Qe3 Bxf3 19. Bxf3 Qa4 $11) 16. Rfc1 Rc8 (16... f5 $5 17. Qe3 (17.
Bxe5 Bxe5 18. exf5 Rxf5 19. h3 Bxf3 20. Bxf3 Qf6 21. Rb3 Rf8 22. Kg2 exd5 23.
cxd5 Kh8 $15) 17... Bxf3 18. Bxf3 fxe4 19. Bxe4 Ng4 20. Qb3 Nxf2 21. Bg2 $11)
17. Qe3 Bxf3 18. Bxf3 Re8 (18... exd5 19. cxd5 Qg5 $5 (19... Nxf3+ 20. Qxf3
Bxb2 21. Rxb2 f5 22. e5 $14) 20. Bxe5 Qxe3 21. fxe3 Bxe5 22. Nb5 Bb8 23. e5
Rfe8 24. e6 c4 $11) 19. Bg2 exd5 20. cxd5 (20. exd5 $2 Nexc4 $19) 20... c4 21.
Qd2 (21. Bxe5 Bxe5 22. Nb5 Bb8 23. d6 Qf6 24. a4 (24. f4 Bxd6 25. e5 Qe6 26.
Nxd6 Qxd6 27. Bxb7 Rcd8 $11) 24... Bxd6 25. Nxd6 Qxd6 26. a5 Na4 27. Qxa7 Qd2
$13) 21... Nd3 (21... f5 22. Bxe5 Bxe5 23. exf5 gxf5 24. Nb5 a6 $11) 22. Bxg7
Kxg7 $2 {Nedev had not found the courage to eat the exchange, he might have
been worried about white's promising compensation.} (22... Nxc1 $5 23. Bd4 Nd3
24. Nxc4 (24. Bxb6 axb6 25. Nxc4 Rxc4 26. Qxd3 Qc8 $11) 24... Nxc4 25. Qxd3 b6
26. f4 f6 27. Re1 b5 28. Qb3 $14) 23. Rc2 Nc5 (23... Qd6 24. Nxc4 Nxc4 25. Qxd3
Ne5 26. Qb3 $16) 24. Nxc4 Nxe4 25. Bxe4 Rxe4 (25... Nxc4 $2 26. Qd4+ Ne5 27. f4
$18) 26. Nxb6 axb6 27. Rxc8 Qxc8 28. d6 {The passed pawn is more than
unpleasant, black forces will be completely tied down with its blockade.} Qd7 (
28... Re6 29. d7 Qd8 30. Qc3+ Kf8 31. Rd1 f6 32. Qc8 Ke7 33. a4 $18) 29. Rc1 (
29. Rxb6 Re6 30. Qb2+ Kh6 31. Qd4 $18) 29... Re6 30. Qd4+ Kh6 (30... Kg8 31.
Rc7 Qd8 32. d7 $18) 31. Rd1 b5 32. h4 f6 (32... Re2 33. a3 Re8 34. Qc3 $16) 33.
Qd5 Kg7 $2 (33... Re2 34. Rc1 $18) 34. Qxe6 $1 1-0

[Event "HUN-ch"]
[Site "Hungary"]
[Date "1992.??.??"]
[Round "7"]
[White "Adorjan, Andras"]
[Black "Szekely, Peter"]
[Result "1-0"]
[WhiteElo "2550"]
[BlackElo "2435"]
[Annotator "Ftacnik,L"]
[PlyCount "81"]
[EventDate "1992.12.??"]
[EventType "tourn"]
[EventRounds "11"]
[EventCountry "HUN"]
[EventCategory "11"]
[SourceTitle "CBM 034"]
[Source "ChessBase"]
[SourceDate "1993.06.01"]
[SourceVersion "1"]
[SourceVersionDate "1993.06.01"]
[SourceQuality "1"]

1. c4 g6 2. Nf3 Bg7 3. d4 Nf6 4. g3 d5 5. Bg2 dxc4 6. O-O O-O 7. Na3 Na6 (7...
c3 8. bxc3 c5 9. e3 Nc6 10. Qe2 Nd5 11. Bb2 Qa5 12. Rac1 Bg4 13. h3 Bxf3 14.
Bxf3 Nb6 $13 {Shabalov-Krasenkov/Gausdal/1991/}) 8. Nxc4 c5 9. b3 $5 Bf5 10.
Bb2 Be4 11. Rc1 Rc8 $2 (11... cxd4 $1 12. Qxd4 Qxd4 13. Nxd4 Rfd8 14. f3 Bd5
$10) 12. Bh3 $1 Rc7 13. Ng5 Bf5 (13... Bc6 14. Ne5) (13... Bd5 14. dxc5 Nxc5
15. Be5 $16) 14. Bxf5 gxf5 15. dxc5 $1 h6 $6 16. Nf3 Qxd1 $2 (16... Nxc5 $142)
17. Rfxd1 Rfc8 (17... Nxc5 18. Ne3 e6 19. Be5 $18) 18. Nh4 e6 19. Nd6 Rd8 20.
Bd4 Nb4 21. Nf3 Nxa2 22. Ra1 Nb4 23. Rxa7 Rb8 24. Ne5 Nfd5 25. Nb5 Re7 26. Nd6
Nc6 $2 (26... Rc7 27. Rd2 {/\ f3, Kf2, e4+/-}) 27. Rxb7 $1 Rexb7 28. Nxc6 Rxb3
29. Nxb8 Bxd4 30. Rxd4 Rxb8 31. Nxf5 Rb1+ 32. Kg2 Rc1 33. c6 h5 (33... Rxc6 34.
Rxd5 exd5 35. Ne7+ $18) 34. e4 Nb6 35. Rd8+ Kh7 36. Nd6 Kg6 37. Rg8+ Kh7 38.
Rb8 Rxc6 39. Nxf7 Kg7 40. Ne5 Rd6 41. Rb7+ 1-0

[Event "Interzonal-15"]
[Site "Manila"]
[Date "1990.??.??"]
[Round "7"]
[White "Nikolic, Predrag"]
[Black "Popovic, Petar"]
[Result "1-0"]
[WhiteElo "2600"]
[BlackElo "2520"]
[Annotator "Ftacnik,L"]
[PlyCount "83"]
[EventDate "1990.06.29"]
[EventType "swiss"]
[EventRounds "13"]
[EventCountry "PHI"]
[SourceTitle "CBM 019"]
[Source "ChessBase"]
[SourceDate "1990.12.01"]
[SourceVersion "1"]
[SourceVersionDate "1990.12.01"]
[SourceQuality "1"]

1. d4 Nf6 2. c4 g6 3. Nf3 Bg7 4. g3 O-O 5. Bg2 d5 6. O-O dxc4 7. Na3 c3 8. bxc3
c5 9. e3 Nc6 10. Qe2 Qa5 11. Bb2 Bf5 12. Rfc1 (12. Nd2 $5 {Schmidt,Wl}) 12...
Be4 13. Nc4 Qa6 14. Bf1 Rfd8 {N} (14... Rac8 15. Nfd2 b5 16. Ne5 c4 17. Nxe4
Nxe4 18. Nxc6 Qxc6 19. Bg2 f5 20. a4 $1 $16 {Adorjan,A-Groszpeter,A/Ungarn/
1989/}) 15. Qd1 Bd5 $8 16. Ncd2 Qb6 17. Qc2 (17. Ba3 cxd4 18. cxd4 e5 $1) 17...
cxd4 (17... e5 18. e4 Bxe4 19. Nxe4 Nxe4 20. Qxe4 Qxb2 21. dxe5 Re8 22. Rab1
Qa3 23. Bc4 Nxe5 24. Nxe5 Rxe5 (24... Bxe5 25. Qxb7 Rf8 26. Bxf7+ $16) 25.
Bxf7+ Kh8 26. Qxb7 Rf8 27. Rc2 $16) 18. cxd4 Rac8 19. Bc3 e5 $5 20. Rab1 Qc7
21. dxe5 Nd7 (21... Ng4 22. Qa4 $1 Ngxe5 23. Bxe5 Bxe5 24. Nxe5 Qxe5 25. Rxb7
$16) 22. e6 (22. e4 $5 Ncxe5 23. exd5 Nxf3+ 24. Nxf3 Qxc3 25. Qxc3 Rxc3 26.
Rxc3 Bxc3 27. Rxb7 $14) 22... Bxe6 23. Bxg7 Kxg7 24. Qb2+ Nf6 25. Qxb7 Qxb7 $2
(25... Bxa2 26. Qxc7 Rxc7 27. Rb2 Bd5 28. Rbc2 Rcd7 29. Rxc6 Bxc6 30. Rxc6 Rxd2
31. Nxd2 Rxd2 $10) 26. Rxb7 Bxa2 27. Bh3 Rb8 28. Rc7 Nb4 29. Rxa7 Bd5 30. Nd4
Ra8 31. Rac7 Ra2 $6 (31... Ne8) 32. Be6 $5 (32. Ne6+ Bxe6 33. Bxe6 Raxd2 34.
Rxf7+ Kh6 35. Rxf6 R2d6) 32... Rxd2 (32... Rf8 33. N2f3 $16) 33. Rxf7+ Kh6 34.
Rxf6 Nd3 35. Rf1 Be4 36. Bh3 Ne5 37. Re6 Rd5 (37... Nf3+ 38. Nxf3 Bxf3 39. Rb6
Rd1 40. Rb1) 38. Bg2 Bxg2 39. Kxg2 Nd3 40. Re7 Rd6 41. Nf3 Re2 42. h4 {Ftacnik,
L} 1-0

[Event "USA-ch m"]
[Site "Jacksonville"]
[Date "1990.??.??"]
[Round "1"]
[White "Gulko, Boris F"]
[Black "Kudrin, Sergey"]
[Result "1/2-1/2"]
[WhiteElo "2600"]
[BlackElo "2530"]
[Annotator "Ftacnik,L"]
[PlyCount "79"]
[EventDate "1990.08.??"]
[EventType "k.o."]
[EventRounds "4"]
[EventCountry "USA"]
[SourceTitle "CBM 021"]
[Source "ChessBase"]
[SourceDate "1991.04.01"]
[SourceVersion "1"]
[SourceVersionDate "1991.04.01"]
[SourceQuality "1"]

1. d4 Nf6 2. c4 g6 3. Nf3 Bg7 4. g3 d5 5. Bg2 dxc4 6. Na3 c3 7. bxc3 O-O 8. O-O
c5 9. e3 Nc6 10. Qe2 Qa5 11. Bb2 Bf5 12. Rfc1 Be4 13. Nc4 Qa6 $1 (13... Qa4 14.
Ncd2 Na5 15. c4 Rac8 16. d5 a6 17. Bh3 $1 $16 {Adorjan,A-Kindermann,S/
Altensteig/1989/ ->CBM 14}) 14. Bf1 Bd5 $1 (14... Rfd8 $2 15. Qd1 $1 Bd5 16.
Ncd2 Qb6 17. Qc2 cxd4 18. cxd4 Rac8 19. Bc3 $14 {Nikolic,Pr-Popovic,P/Manila
izt/1990/ ->CBM 19}) 15. Nfd2 Rfd8 $1 16. a4 (16. e4 Bxc4 17. Nxc4 cxd4) 16...
b6 17. Na3 Qxe2 18. Bxe2 Na5 19. f3 Bc6 20. Nac4 Bh6 21. Re1 $6 (21. Kf2 $5)
21... cxd4 22. cxd4 Nd5 23. Bf1 Nb4 $1 24. Nxa5 bxa5 25. f4 (25. Kf2 e5) 25...
Rac8 (25... Nc2 26. Rec1 Nxa1 27. Rxc6 Rac8 28. Rxc8 Rxc8 29. Bxa1 Rc1 30. Bb2
Rc2 31. Nc4 $18) 26. Rec1 e5 $1 27. Nc4 exf4 28. gxf4 Be4 29. Rc3 Rb8 (29... g5
$5 $40) 30. Bg2 Bxg2 31. Kxg2 Nd5 32. Rc2 Rdc8 33. Kf3 Rb3 (33... Rxc4 34. Rxc4
Rxb2 35. Rc5 $132) (33... Rxb2 34. Rxb2 Rxc4 35. Rb5 $132) 34. Rac1 Bxf4 $2 (
34... f5 $1 $17) 35. Ke4 $1 Bxe3 36. Kxd5 Rd8+ 37. Ke4 Re8+ 38. Kd5 Rd8+ 39.
Ke4 Re8+ 40. Kd5 {Ftacnik,L} 1/2-1/2